Every European Union city over 100,000 inhabitants - Statistics

General Stats
  • This quiz has been taken 101 times
    48 since last reset
  • The average score is 214 of 439
Answer Stats
Country Cities Population % Correct
Bulgaria Sofiya (София) 1,480,800
97%
Austria Wien 1,931,600
97%
Belgium Bruxelles / Brussel / Brüssel 188,700
94%
Czech Republic Praha 1,275,400
94%
Croatia Zagreb 665,800
94%
Netherlands Amsterdam 921,400
92%
Greece Athína (Αθήνα) 643,500
92%
Ireland Baile Átha Cliath / Dublin 588,200
92%
Germany Berlin 3,677,500
92%
Hungary Budapest 1,706,900
92%
Germany Hamburg 1,906,400
92%
Finland Helsinki / Helsingfors 665,600
92%
Austria Linz 207,200
92%
Netherlands Rotterdam 651,200
92%
Austria Salzburg 155,300
92%
Lithuania Vilnius 625,300
92%
Belgium Antwerpen 530,600
89%
Spain Barcelona 1,636,800
89%
Ireland Corcaigh / Cork 222,300
89%
Germany Frankfurt am Main 759,200
89%
Austria Graz 292,600
89%
Denmark København 655,300
89%
Luxembourg Lëtzebuerg / Luxembourg / Luxemburg 132,800
89%
Portugal Lisboa 545,800
89%
Spain Madrid 3,266,100
89%
Germany München 1,487,700
89%
France Paris 2,102,700
89%
Latvia Rīga 605,800
89%
Italy Roma 2,860,000
89%
Croatia Split 150,400
89%
Estonia Tallinn 430,800
89%
Poland Warszawa 1,853,100
89%
Slovakia Bratislava 473,500
86%
Romania București 1,717,000
86%
Netherlands Den Haag 549,200
86%
Belgium Gent 265,100
86%
Lithuania Kaunas 298,800
86%
Poland Kraków 800,700
86%
Slovenia Ljubljana 295,500
86%
Sweden Malmö 351,700
86%
Italy Milano 1,371,500
86%
Italy Napoli 909,000
86%
France Nice 343,500
86%
Portugal Porto 232,000
86%
Spain Sevilla 688,600
86%
Sweden Stockholm 978,800
86%
Italy Torino 847,300
86%
Italy Venezia 258,700
86%
Czech Republic Brno 379,500
83%
Germany Düsseldorf 619,500
83%
Italy Firenze 367,200
83%
Poland Gdańsk 470,600
83%
Germany Köln 1,063,100
83%
France Lille 236,200
83%
France Lyon 522,200
83%
France Marseille 870,300
83%
France Strasbourg 290,600
83%
Greece Thessaloníki (Θεσσαλονίκη) 317,800
83%
Netherlands Utrecht 367,800
83%
Denmark Aarhus 361,500
81%
France Bordeaux 259,800
81%
Germany Bremen 563,300
81%
Belgium Brugge 118,500
81%
Germany Dresden 555,400
81%
Germany Essen 579,400
81%
Austria Innsbruck 130,600
81%
Germany Leipzig 601,900
81%
Poland Łódź 670,600
81%
France Nantes 320,700
81%
Italy Palermo 676,100
81%
Germany Stuttgart 626,300
81%
Spain Valencia 794,300
81%
Spain Zaragoza 675,000
81%
Italy Bologna 394,800
78%
Germany Bonn 331,900
78%
Belgium Charleroi 202,400
78%
Germany Dortmund 586,900
78%
Sweden Göteborg 578,300
78%
Poland Szczecin 395,500
78%
France Toulouse 498,000
78%
Bulgaria Varna (Варна) 332,700
78%
Poland Wrocław 674,300
78%
Spain Alicante 338,600
75%
Italy Bari 316,500
75%
Spain Bilbao 346,800
75%
Italy Catania 311,600
75%
Hungary Debrecen 199,700
75%
Netherlands Eindhoven 235,700
75%
Italy Genova 580,100
75%
Spain Granada 232,500
75%
Germany Hannover 535,900
75%
Germany Kiel 246,200
75%
Belgium Liège 195,300
75%
France Montpellier 299,100
75%
Spain Palma 416,100
75%
Spain A Coruña 245,700
72%
Germany Augsburg 296,500
72%
Germany Bielefeld 334,000
72%
Portugal Braga 193,300
72%
Romania Cluj-Napoca 286,600
72%
Netherlands Groningen 233,200
72%
Poland Katowice 287,000
72%
France Le Havre 168,300
72%
Spain Málaga 574,700
72%
Germany Nürnberg 510,600
72%
Germany Saarbrücken 179,600
72%
Italy Trieste 204,300
72%
Sweden Uppsala 237,600
72%
Germany Aachen 249,100
69%
Poland Bydgoszcz 339,100
69%
Portugal Coimbra 140,800
69%
France Dijon 158,000
69%
Spain Donostia / San Sebastián 187,400
69%
France Grenoble 158,200
69%
Greece Irákleio (Ηράκλειο) 151,300
69%
Germany Karlsruhe 306,500
69%
Slovakia Košice 228,200
69%
Germany Mainz 217,600
69%
Germany Münster 317,700
69%
Spain Murcia 453,300
69%
Bulgaria Plovdiv (Пловдив) 346,900
69%
Poland Poznań 529,400
69%
France Rennes 220,500
69%
Croatia Rijeka 108,600
69%
Finland Tampere / Tammerfors 249,700
69%
Italy Verona 248,000
69%
Spain Vigo 295,400
69%
France Brest 139,900
67%
Spain Cádiz 116,000
67%
Italy Cagliari 154,500
67%
Spain Córdoba 325,700
67%
Germany Mannheim 311,800
67%
Slovenia Maribor 113,800
67%
France Nancy 105,100
67%
Denmark Odense 207,800
67%
Finland Oulu / Uleåborg 212,100
67%
Spain Pamplona 201,700
67%
Czech Republic Plzeň 168,700
67%
Germany Potsdam 183,200
67%
France Reims 181,200
67%
France Toulon 178,700
67%
Finland Turku / Åbo 198,200
67%
Denmark Aalborg 222,600
64%
Germany Chemnitz 243,100
64%
Romania Constanța 263,700
64%
Germany Duisburg 495,200
64%
Germany Freiburg im Breisgau 231,800
64%
Romania Iași 271,700
64%
Lithuania Klaipėda 172,300
64%
Spain Las Palmas de Gran Canaria 379,900
64%
Poland Lublin 336,300
64%
Netherlands Maastricht 120,200
64%
Italy Messina 219,900
64%
Germany Mönchengladbach 261,000
64%
Italy Parma 198,300
64%
Greece Pátra (Πάτρα) 214,000
64%
Germany Rostock 208,400
64%
Spain Santander 172,500
64%
Germany Ulm 126,900
64%
Spain Valladolid 299,300
64%
Germany Wuppertal 354,600
64%
Italy Bergamo 121,200
61%
Romania Brașov 237,600
61%
Germany Braunschweig 248,800
61%
France Clermont-Ferrand 147,900
61%
Germany Erfurt 213,200
61%
Finland Espoo / Esbo 306,800
61%
Spain Gijón 271,800
61%
Austria Klagenfurt am Wörthersee 102,600
61%
France Nîmes 148,600
61%
France Orléans 116,300
61%
France Perpignan 119,300
61%
Spain Salamanca 144,200
61%
France Amiens 134,700
58%
Netherlands Breda 184,100
58%
Italy Brescia 200,400
58%
Bulgaria Burgas (Бургас) 202,700
58%
Spain Burgos 175,800
58%
Netherlands Haarlem 162,500
58%
Germany Heidelberg 159,200
58%
Spain Huelva 143,700
58%
Germany Lübeck 216,300
58%
Germany Magdeburg 236,200
58%
France Metz 118,500
58%
Czech Republic Ostrava 279,800
58%
Spain Oviedo 219,700
58%
Hungary Pécs 138,400
58%
Italy Rimini 148,700
58%
Italy Siracusa 121,600
58%
Spain Tarragona 134,500
58%
Romania Timișoara 250,800
58%
Spain Vitoria-Gasteiz 251,800
58%
Spain Almería 198,500
56%
Germany Bremerhaven 113,200
56%
Spain Girona 101,900
56%
Germany Jena 110,500
56%
Spain León 124,300
56%
France Rouen 112,300
56%
Italy Taranto 198,600
56%
Italy Udine 100,200
56%
Germany Wiesbaden 279,000
56%
Germany Bochum 363,400
53%
France Caen 106,200
53%
Spain Castellón de la Plana 171,700
53%
Spain Elche 234,800
53%
Germany Halle (Saale) 238,100
53%
Spain Jaén 113,000
53%
Spain Jerez de la Frontera 212,700
53%
France Le Mans 143,800
53%
France Limoges 130,900
53%
Italy Modena 184,700
53%
France Mulhouse 108,300
53%
Italy Padova 214,100
53%
Germany Regensburg 153,500
53%
France Saint-Étienne 173,800
53%
France Tours 137,100
53%
Germany Trier 110,600
53%
Portugal Vila Nova de Gaia 304,100
53%
France Annecy 130,700
50%
Spain Cartagena 214,800
50%
Hungary Győr 132,100
50%
Germany Ingolstadt 138,000
50%
Germany Leverkusen 163,900
50%
Spain L'Hospitalet de Llobregat 264,900
50%
Sweden Linköping 165,500
50%
Belgium Namur 112,600
50%
Czech Republic Olomouc 101,800
50%
Germany Osnabrück 165,000
50%
Italy Trento 120,700
50%
Poland Białystok 295,700
47%
Germany Darmstadt 159,600
47%
Italy Ferrara 132,000
47%
Sweden Jönköping 143,600
47%
Germany Koblenz 113,600
47%
Czech Republic Liberec 103,000
47%
Italy Livorno 157,000
47%
Spain Marbella 143,400
47%
Italy Ravenna 158,800
47%
Spain Reus 104,400
47%
France Saint-Denis 112,900 | 153,800
47%
Spain Santa Cruz de Tenerife 207,300
47%
Germany Wolfsburg 123,900
47%
Spain Badajoz 150,700
44%
Romania Galați 217,900
44%
Germany Gelsenkirchen 260,100
44%
Germany Kassel 200,400
44%
Belgium Leuven 102,200
44%
Spain Lleida 139,000
44%
Netherlands Nijmegen 177,400
44%
Greece Peiraiás (Πειραιάς) 163,700
44%
Italy Perugia 168,100
44%
Italy Reggio di Calabria 180,500
44%
Spain Sabadell 213,600
44%
Portugal Setúbal 123,500
44%
Italy Ancona 101,300
42%
Romania Craiova 234,100
42%
Poland Gdynia 243,900
42%
Spain Getafe 183,400
42%
Sweden Helsingborg 150,100
42%
Italy Monza 124,400
42%
Germany Oldenburg 170,400
42%
Italy Salerno 133,200
42%
Hungary Szeged 157,400
42%
Finland Vantaa / Vanda 243,500
42%
France Villeurbanne 152,200
42%
France Aix-en-Provence 145,100
39%
Spain Algeciras 122,000
39%
Spain Badalona 220,400
39%
France Besançon 117,900
39%
Italy Bolzano / Bozen 107,400
39%
Portugal Funchal 105,800
39%
Greece Lárisa (Λάρισα) 146,900
39%
Germany Paderborn 152,500
39%
Italy Pescara 119,600
39%
Italy Prato 195,200
39%
Italy Reggio nell'Emilia 171,900
39%
Spain Tarrasa 220,600
39%
Netherlands Tilburg 221,900
39%
Spain Albacete 173,300
36%
Netherlands Almere 214,700
36%
Belgium Anderlecht 122,500
36%
France Angers 155,900
36%
Spain Dos Hermanas 134,000
36%
Italy Foggia 153,100
36%
Germany Hamm 179,200
36%
Finland Lahti / Lahtis 120,200
36%
Hungary Miskolc 147,500
36%
Sweden Norrköping 144,500
36%
Sweden Örebro 157,000
36%
Italy Piacenza 103,600
36%
Portugal Amadora 171,500
33%
Netherlands Arnhem 162,400
33%
Netherlands Dordrecht 119,100
33%
Germany Göttingen 116,600
33%
Germany Heilbronn 125,600
33%
Netherlands Leiden 124,100
33%
Spain Logroño 151,100
33%
Germany Ludwigshafen am Rhein 172,100
33%
Germany Oberhausen 208,800
33%
Netherlands 's-Hertogenbosch 157,500
33%
Portugal Sintra 385,600
33%
Germany Würzburg 126,900
33%
Netherlands Alkmaar 111,800
31%
Netherlands Apeldoorn 164,800
31%
Romania Arad 145,100
31%
Poland Częstochowa 214,300
31%
Spain Fuenlabrada 193,700
31%
Germany Fürth 129,100
31%
Germany Hagen 188,700
31%
Germany Krefeld 227,100
31%
Romania Oradea 183,100
31%
Spain Orense 105,200
31%
Italy Sassari 127,600
31%
Netherlands Zwolle 129,800
31%
Spain Alcorcón 170,500
28%
Denmark Esbjerg 115,800
28%
Spain Mataró 128,300
28%
Spain Móstoles 209,200
28%
Poland Opole 127,400
28%
Poland Radom 206,900
28%
Bulgaria Ruse (Русе) 143,400
28%
Germany Solingen 159,000
28%
Sweden Västerås 156,800
28%
Italy Vicenza 112,000
28%
Netherlands Amersfoort 157,500
25%
France Argenteuil 111,000
25%
Romania Brăila 154,700
25%
Finland Kuopio 122,600
25%
Italy Latina 126,000
25%
Spain Leganés 189,900
25%
Cyprus Lemesós (Λεμεσός) / Limasol 101,000
25%
Romania Ploiești 180,500
25%
Spain Santa Coloma de Gramanet 119,200
25%
Romania Sibiu 134,300
25%
Italy Terni 111,200
25%
Sweden Umeå 131,000
25%
Germany Bottrop 117,300
22%
France Boulogne-Billancourt 121,600
22%
Netherlands Delft 103,600
22%
Netherlands Enschede 160,300
22%
Italy Forlì 117,700
22%
Portugal Guimarães 156,800
22%
Finland Jyväskylä 146,000
22%
France Montreuil 111,200
22%
Bulgaria Pleven (Плèвен) 101,000
22%
Bulgaria Stara Zagora (Стара Загора) 158,600
22%
Spain Alcalá de Henares 195,600
19%
Romania Buzău 103,500
19%
Poland Kielce 192,500
19%
Portugal Leiria 128,600
19%
Germany Neuss 152,700
19%
Spain Parla 130,100
19%
Germany Pforzheim 125,500
19%
Spain San Cristóbal de La Laguna 157,500
19%
Spain Torrejón de Ardoz 131,400
19%
Spain Alcobendas 117,000
17%
Italy Arezzo 100,700
17%
Romania Bacău 136,100
17%
Spain Baracaldo 100,900
17%
Portugal Cascais 214,200
17%
Germany Erlangen 113,300
17%
Germany Herne 156,600
17%
Hungary Nyíregyháza 115,500
17%
Germany Offenbach am Main 131,300
17%
Romania Pitești 141,300
17%
Poland Płock 117,000
17%
Germany Recklinghausen 110,700
17%
Poland Rzeszów 198,600
17%
Poland Toruń 196,900
17%
Netherlands Zaanstad 156,900
17%
Portugal Almada 177,300
14%
Netherlands Emmen 107,000
14%
Denmark Frederiksberg 104,700
14%
Sweden Gävle 103,100
14%
Germany Mülheim an der Ruhr 170,700
14%
Italy Novara 101,900
14%
Poland Olsztyn 169,800
14%
Germany Remscheid 111,800
14%
Germany Reutlingen 116,500
14%
Germany Siegen 101,500
14%
Romania Baia Mare 108,800
11%
Germany Bergisch Gladbach 111,600
11%
Poland Bielsko-Biała 168,300
11%
Poland Bytom 161,100
11%
Poland Elbląg 117,400
11%
Italy Giugliano in Campania 124,100
11%
Poland Gliwice 175,100
11%
Germany Gütersloh 101,200
11%
Germany Hildesheim 100,300
11%
Hungary Kecskemét 108,800
11%
Netherlands Leeuwarden 124,500
11%
Sweden Lund 127,400
11%
Germany Moers 103,700
11%
Poland Sosnowiec 194,800
11%
Romania Târgu Mureș 116,000
11%
Poland Tarnów 105,900
11%
Denmark Vejle 120,900
11%
Netherlands Venlo 102,000
11%
Poland Zabrze 168,900
11%
Poland Zielona Góra 140,400
11%
Netherlands Deventer 101,200
8%
Sweden Halmstad 104,600
8%
Poland Koszalin 105,000
8%
France Saint-Paul 103,200
8%
Belgium Schaerbeek / Schaarbeek 130,700
8%
Netherlands Zoetermeer 125,300
8%
Netherlands Alphen aan den Rijn 112,600
6%
Sweden Borås 114,100
6%
Poland Chorzów 105,600
6%
Netherlands Ede 118,500
6%
Poland Gorzów Wielkopolski 120,100
6%
Netherlands Haarlemmermeer 157,800
6%
Portugal Matosinhos 172,600
6%
Portugal Odivelas 148,100
6%
Poland Rybnik 136,000
6%
Germany Salzgitter 103,700
6%
Spain Telde 102,600
6%
Poland Tychy 125,800
6%
Poland Wałbrzych 108,200
6%
Greece Acharnés (Αχαρνές) 108,100
3%
Poland Dąbrowa Górnicza 117,000
3%
Sweden Eskilstuna 107,600
3%
Sweden Huddinge 114,000
3%
Poland Ruda Śląska 135,000
3%
Portugal Seixal 166,500
3%
Sweden Södertalje 101,200
3%
Netherlands Westland 111,400
3%
Poland Włocławek 106,900
3%
Portugal Barcelos 116,800
0%
Portugal Gondomar 164,300
0%
Portugal Loures 201,600
0%
Portugal Maia 135,000
0%
Sweden Nacka 108,200
0%
Portugal Oeiras 171,800
0%
Greece Peristéri (Περιστέρι) 140,000
0%
Portugal Santa Maria da Feira 136,700
0%
Portugal Vila Franca de Xira 137,500
0%
Portugal Vila Nova de Famalicão 133,600
0%
No matching quizzes found
Score Distribution
Percent of People with Each Score
Percentile by Number Answered
Your Score History
You have not taken this quiz since the last reset